| 000 | 00373nam a22001457a 4500 | ||
|---|---|---|---|
| 020 | _qPB. | ||
| 040 | _cFIZZA ISHAQ | ||
| 082 |
_a004.165 _bMUH |
||
| 100 |
_aALI,MUHAMMAD. _919316 |
||
| 245 |
_a8051 MICRO CONTROLLER & EMBEDDED SYSTEMS / _cMUHAMMAD ALI. |
||
| 250 | _a2ND EDITION. | ||
| 260 |
_aPEARSON ; _bMICRODIGITALED, _c2020. |
||
| 300 | _a547 P. ; | ||
| 942 |
_2ddc _cBK |
||
| 999 |
_c593252 _d593252 |
||